000 00316 a2200133 4500
003 Nust
005 20170207154630.0
040 _cNust
082 _a799
245 _aEgypt Delegation Photograph-2009
260 _aRawalpindi
_bMCS
650 _aEgypt Delegation Photograph-2009 (Soft Copy CD-18)
651 _aSweet Memories-MCS
942 _cBK
999 _c199016
_d199016